Cykloturistika ve vybraných mikroregionech Hanáckého venkova

Cykloturistika - populárna športovo-rekreačná forma cestovného ruchu. Prehľad cyklotrás v regiónoch Moštěnka a Litovelsko (mikroregióny z turistickej oblasti Stredná Morava - Haná). Výsledky výskumu - charakteristika respondentov, počet najazdených kilometrov, spokojnosť s infraštruktúrou, aký typ a...

Descrizione completa

Salvato in:
Dettagli Bibliografici
Autore principale: Schwartzhoffová, Eva
Natura: Capitolo di libro
Lingua:ceco
Soggetti:
Tags: Aggiungi Tag
Nessun Tag, puoi essere il primo ad aggiungerne!!

MARC

LEADER 00000naa a2200000 4500
001 0257458
005 20190809083122.4
041 0 |a cze 
044 |a CZ 
245 1 0 |a Cykloturistika ve vybraných mikroregionech Hanáckého venkova  |c Eva Schwartzhoffová 
520 |a Cykloturistika - populárna športovo-rekreačná forma cestovného ruchu. Prehľad cyklotrás v regiónoch Moštěnka a Litovelsko (mikroregióny z turistickej oblasti Stredná Morava - Haná). Výsledky výskumu - charakteristika respondentov, počet najazdených kilometrov, spokojnosť s infraštruktúrou, aký typ aktivity predstavuje cykloturistika pre respondenta, návrhy na zlepšenie kvality cyklotrás. 
610 2 0 |a turistika 
610 2 0 |a ruch cestovný 
610 2 0 |a bicykle 
610 2 0 |a mikroregióny 
610 2 0 |a infraštruktúra 
610 2 0 |a kvalita 
610 2 0 |a výskum 
610 2 0 |a Česko 
100 1 |a Schwartzhoffová, Eva